=LDR 00000nam 2200000 4500 =001 001148 =005 20250710111909 =035 ##$$a 0010-0725000006 =007 ta =008 250710################a##########0#ind## =020 ##$$a 978-623-307-040-9 =245 1#$$a DANIS : $b Sang Pemenang /$c Muhammad Sanjaya =260 ##$$a Jakarta Timur :$b Badan Pengembangan dan Pembinaan Bahasa,$c 2020 =300 ##$$a 28 : $b ilus. ; $c 29,7 cm =082 ##$$a 398.209 598 =084 ##$$a 398.209 598 DAN =100 #$$a Sanjaya, Muhammad =250 ##$$a Cetakan Pertama =650 #4$$a Cerita anak-Indonesia =650 #4$$a Komik =856 ##$$a TBM AS SUHADA